[Event "Chioggia op-B 13th"]
[Site "Chioggia"]
[Date "2018.09.30"]
[Round "5"]
[White "Forer, Erich"]
[Black "Morganti, Lionello"]
[Result "1-0"]
[WhiteElo "1814"]
[BlackElo "1547"]
[PlyCount "101"]
[EventDate "2018.09.28"]
[EventType "swiss"]
[EventRounds "5"]
[EventCountry "ITA"]
[SourceTitle "EXT 2022"]
[Source "ChessBase"]
[SourceDate "2021.10.06"]
[SourceVersion "1"]
[SourceVersionDate "2021.10.06"]
[SourceQuality "1"]

1. d4 Nf6 2. Nf3 g6 3. c4 Bg7 4. Nc3 d6 5. Bf4 0-0 6. h3 Na6 7. e3 c5 8. Be2 b6 9. 0-0 Bb7 10. d5 Nc7 11. e4 Bc8 12. Bd3 Nd7 13. Re1 Ne5 14. Nxe5 Bxe5 15. Bh6 Bg7 16. Qd2 Ne8 17. e5 dxe5 18. Bxg7 Kxg7 19. Rxe5 Nd6 20. Rae1 e6 21. b3 f6 22. R5e3 e5 23. g4 Rb8 24. Ne2 Rb7 25. Ng3 Re7 26. f4 Rfe8 27. f5 g5 28. Be4 Rh8 29. Nh5+ Kf7 30. Kf2 Ree8 31. Qb2 h6 32. Bd3 Bd7 33. Kf3 Rhf8 34. Qa3 Qc7 35. Qb2 Qd8 36. Qc3 Rh8 37. a3 Nb7 38. b4 Rhf8 39. Ng3 Nd6 40. Bc2 Re7 41. Bb3 Ree8 42. a4 Rh8 43. Nh5 Rhf8 44. R3e2 Nb7 45. Ra1 Qc7 46. b5 Nd6 47. Kg2 Qd8 48. a5 Qc7 49. Rea2 Ra8 50. axb6 Qxb6 51. Ra6 1-0

[Event "Chioggia op-B 13th"]
[Site "Chioggia"]
[Date "2018.09.29"]
[Round "2"]
[White "Belloni, Umberto"]
[Black "Forer, Erich"]
[Result "0-1"]
[WhiteElo "1677"]
[BlackElo "1814"]
[PlyCount "42"]
[EventDate "2018.09.28"]
[EventType "swiss"]
[EventRounds "5"]
[EventCountry "ITA"]
[SourceTitle "EXT 2022"]
[Source "ChessBase"]
[SourceDate "2021.10.06"]
[SourceVersion "1"]
[SourceVersionDate "2021.10.06"]
[SourceQuality "1"]

1. d4 Nf6 2. c3 Nc6 3. Qc2 e5 4. dxe5 Nxe5 5. Nf3 d6 6. Nxe5 dxe5 7. Bg5 Be7 8. Nd2 0-0 9. 0-0-0 Ng4 10. Be3 Nxe3 11. fxe3 Qd5 12. Kb1 Rd8 13. e4 Qc6 14. h4 Be6 15. Rc1 Bc5 16. Nf3 Be3 17. Rd1 Qa6 18. Rxd8+ Rxd8 19. b3 f6 20. g3 Bg4 21. Rh2 Bxf3 0-1

[Event "Chioggia op-B 13th"]
[Site "Chioggia"]
[Date "2018.09.28"]
[Round "1"]
[White "Forer, Erich"]
[Black "Pilotto, Alessandro"]
[Result "1-0"]
[WhiteElo "1814"]
[BlackElo "1572"]
[PlyCount "83"]
[EventDate "2018.09.28"]
[EventType "swiss"]
[EventRounds "5"]
[EventCountry "ITA"]
[SourceTitle "EXT 2022"]
[Source "ChessBase"]
[SourceDate "2021.10.06"]
[SourceVersion "1"]
[SourceVersionDate "2021.10.06"]
[SourceQuality "1"]

1. d4 d6 2. Nf3 Nf6 3. Bf4 g6 4. c4 Bg7 5. Nc3 Nh5 6. Be3 Nd7 7. g3 Nb6 8. b3 0-0 9. Bg2 c5 10. Qd2 Qc7 11. Rd1 Nf6 12. 0-0 a6 13. Bh6 cxd4 14. Nxd4 Qc5 15. Bxg7 Kxg7 16. Nf3 Rb8 17. Nd5 Nbxd5 18. cxd5 Bd7 19. Rc1 Qxd5 20. Qb2 Bc6 21. Rfd1 Qh5 22. Rc4 Bxf3 23. Bxf3 Qe5 24. Qd2 Rfc8 25. Rxc8 Rxc8 26. Bxb7 Rc5 27. Bxa6 Rd5 28. Bd3 Qh5 29. Kg2 Ne4 30. Qe3 Nc3 31. Rd2 Re5 32. Qd4 Nd5 33. b4 Nf6 34. b5 Rd5 35. Qf4 Rc5 36. e3 Qd5+ 37. Qf3 Qe5 38. b6 Nd7 39. b7 Qc3 40. Rc2 Qb4 41. Qe4 Rxc2 42. Qxb4 1-0